[Event "4th Batumi Cup 2018"]
[Site "Batumi"]
[Date "2018.07.06"]
[Round "5"]
[White "Mammadova, Narmin"]
[Black "Chkhaidze, Nikoloz"]
[Result "1/2-1/2"]
[WhiteElo "2209"]
[BlackElo "2337"]
[Annotator "NA"]
[PlyCount "108"]
[EventDate "2018.07.03"]
[EventType "swiss"]
[EventCountry "GEO"]
[SourceTitle "playchess.com"]
[Source "ChessBase"]
[SourceQuality "1"]
[TimeControl "40/5400+30:1800+30"]

1. e4 {[%emt 0:00:00]} e5 {[%emt 0:00:00]} 2. Nf3 {[%emt 0:00:00]} Nc6 {[%emt 0:00:00]} 3. Nc3 {[%emt 0:00:28]} Nf6 {[%emt 0:00:00]} 4. Bb5 {[%emt 0:00:52]} Nd4 {[%emt 0:00:02]} 5. Ba4 {[%emt 0:02:36]} Nxf3+ {[%emt 0:01:12]} 6. Qxf3 {[%emt 0:00:10]} Bc5 {[%emt 0:00:45]} 7. O-O {[%emt 0:02:03]} O-O {[%emt 0:00:34]} 8. d3 {[%emt 0:01:15]} c6 {[%emt 0:00:44]} 9. Bb3 {[%emt 0:01:32] C48: Four Knights: 4 Bb5, replies other than 4...Bb4} b5 {[%emt 0:02:13]} (9... a5 10. a4 d6 11. Kh1 Be6 12. Bxe6 fxe6 13. Qh3 Qe8 14. f3 Qf7 15. Ne2 Rae8 16. Bd2 Bb6 {1-0 (68) Firman,N (2525)-Balogh,C (2616) Germany 2009}) 10. a3 {[%emt 0:10:32]} d6 {[%emt 0:00:41]} 11. h3 $146 {[%emt 0:00:05]} ({Predecessor:} 11. Be3 Bd4 12. h3 Bb6 13. Bg5 Be6 14. Bxf6 Qxf6 15. Qxf6 gxf6 16. g4 Bd4 {½-½ (48) Arias Rodriguez,S-Corredor Pravia,M Asturias 1993}) 11... Be6 {[%emt 0:00:38]} 12. Ne2 {[%emt 0:02:07]} Bxb3 {[%emt 0:09:10]} 13. cxb3 {[%emt 0:00:03]} Ne8 {[%emt 0:04:19]} 14. Ng3 {[%emt 0:02:49]} Nc7 {[%emt 0:00:14]} 15. Nf5 {[%emt 0:01:58]} Ne6 {[%emt 0:00:20]} 16. b4 {[%emt 0:04:36]} Bd4 {[%emt 0:06:15]} 17. Kh1 {[%emt 0:05:59]} Kh8 {[%emt 0:13:05]} 18. Qg4 {[%emt 0:02:42]} g6 {[%emt 0:03:37]} 19. Nxd4 {[%emt 0:08:00]} Nxd4 {[%emt 0:02:17]} 20. Bg5 {[%emt 0:04:50]} f6 {[%emt 0:00:39]} 21. Be3 {[%emt 0:00:44]} f5 {[%emt 0:10:23]} 22. exf5 {[%emt 0:02:27]} Nxf5 {[%emt 0:08:02]} 23. d4 {[%emt 0:06:07]} Qe8 {[%emt 0:00:35]} 24. Qe4 {[%emt 0:12:44]} exd4 {[%emt 0:01:33]} 25. Bxd4+ {[%emt 0:00:20]} Kg8 {[%emt 0:00:07]} 26. Qd3 {[%emt 0:01:13]} Qf7 {[%emt 0:00:20]} 27. Bc3 {[%emt 0:01:14]} Qc4 {[%emt 0:01:27]} 28. Rad1 {[%emt 0:09:15]} Qxd3 {[%emt 0:00:27]} 29. Rxd3 {[%emt 0:00:01]} Rae8 {[%emt 0:00:26]} 30. Kg1 {[%emt 0:02:29]} Re6 {[%emt 0:00:08]} 31. g4 {[%emt 0:05:54]} Ne7 {[%emt 0:00:29]} 32. Re1 {[%emt 0:04:24]} Rxe1+ {[%emt 0:00:19]} 33. Bxe1 {[%emt 0:00:01]} Nd5 {[%emt 0:00:06]} 34. Bd2 {[%emt 0:01:08]} Re8 {[%emt 0:00:08]} 35. Be3 {[%emt 0:00:58]} Nxe3 {[%emt 0:05:25]} 36. fxe3 {[%emt 0:00:09]} d5 {[%emt 0:00:10]} 37. Kf2 {[%emt 0:00:30]} Kf7 {[%emt 0:00:19]} 38. Rc3 {[%emt 0:02:08]} Re6 {[%emt 0:00:17]} 39. Kf3 {[%emt 0:01:21]} Kf6 {[%emt 0:01:04]} 40. h4 {[%emt 0:00:00]} Ke5 {[%emt 0:00:00]} 41. g5 {[%emt 0:06:39]} Kd6 {[%emt 0:01:59]} 42. Rd3 {[%emt 0:01:31]} Re5 {[%emt 0:03:44]} 43. Rd4 {[%emt 0:03:06]} Rf5+ {[%emt 0:01:06]} 44. Ke2 {[%emt 0:00:04]} Rf8 {[%emt 0:03:55]} 45. Rd1 {[%emt 0:02:10]} Rf7 {[%emt 0:04:42]} 46. Rd4 {[%emt 0:04:25]} Rf5 {[%emt 0:00:21]} 47. Rd1 {[%emt 0:02:18]} h6 {[%emt 0:02:56]} 48. gxh6 {[%emt 0:01:05]} Rh5 {[%emt 0:00:04]} 49. Rg1 {[%emt 0:00:48]} Rxh6 {[%emt 0:00:04]} 50. Rg4 {[%emt 0:02:08]} Ke5 {[%emt 0:00:14]} 51. Kd3 {[%emt 0:00:15]} Kf5 {[%emt 0:02:04]} 52. Rf4+ {[%emt 0:00:38]} Ke5 {[%emt 0:00:15]} 53. Rg4 $11 {[%emt 0:00:51]} Kf5 {[%emt 0:00:08]} 54. Rf4+ {[%emt 0:00:01]} Ke5 {[%emt 0:00:16] Ke4+*} 1/2-1/2

[Event "4th Batumi Cup 2018"]
[Site "Batumi"]
[Date "2018.07.06"]
[Round "5"]
[White "Khalaji, Hanieh"]
[Black "Martynyuk, Elizaveta"]
[Result "1-0"]
[WhiteElo "2146"]
[BlackElo "2182"]
[Annotator "NA"]
[PlyCount "79"]
[EventDate "2018.07.03"]
[EventType "swiss"]
[EventCountry "GEO"]
[SourceTitle "playchess.com"]
[Source "ChessBase"]
[SourceQuality "1"]
[TimeControl "40/5400+30:1800+30"]

1. e4 {[%emt 0:01:07]} c5 {[%emt 0:00:26]} 2. c3 {[%emt 0:00:15]} Nf6 {[%emt 0:00:10]} 3. e5 {[%emt 0:01:01]} Nd5 {[%emt 0:00:01]} 4. d4 {[%emt 0:00:09]} cxd4 {[%emt 0:00:15]} 5. cxd4 {[%emt 0:00:09]} Nc6 {[%emt 0:00:24]} 6. Nc3 {[%emt 0:00:34]} Nxc3 {[%emt 0:00:33]} 7. bxc3 {[%emt 0:00:05]} d5 {[%emt 0:00:09] B22: Sicilian: 2 c3} (7... d6 8. f4 e6 9. Nf3 Be7 10. Bd3 b6 11. O-O Bb7 12. f5 exf5 13. Bxf5 dxe5 14. d5 Bc5+ 15. Kh1 {0-1 (38) Sveshnikov,V (2377)-Kovalenko,I (2636) Olaine 2017}) 8. Bd3 {[%emt 0:00:55]} a6 {[%emt 0:00:30]} 9. Ne2 {[%emt 0:10:04]} Bg4 {[%emt 0:00:16]} 10. f3 $146 {[%emt 0:00:59]} ({Predecessor:} 10. O-O e6 11. f4 b5 12. f5 Be7 13. h3 Bxf5 14. Bxf5 exf5 15. Rxf5 {1-0 (26) Pooth,R (1769)-Kunath,W (1798) Templin 2004}) 10... Bh5 {[%emt 0:00:14]} 11. Nf4 {[%emt 0:01:36]} Bg6 {[%emt 0:01:33]} 12. Bxg6 {[%emt 0:10:55]} hxg6 {[%emt 0:00:06]} 13. e6 {[%emt 0:01:35]} g5 {[%emt 0:03:27]} 14. exf7+ {[%emt 0:00:54]} Kxf7 {[%emt 0:00:07]} 15. Nh3 {[%emt 0:00:22]} Qd6 {[%emt 0:03:04]} 16. Nxg5+ {[%emt 0:02:45]} Kg8 {[%emt 0:00:15]} 17. f4 {[%emt 0:01:44]} e6 {[%emt 0:02:09]} 18. Qg4 {[%emt 0:05:00]} Re8 {[%emt 0:04:36]} 19. O-O {[%emt 0:00:48]} Nd8 {[%emt 0:04:42]} 20. Re1 {[%emt 0:06:07]} Be7 {[%emt 0:00:34]} 21. Nf3 {[%emt 0:01:41]} ({Stronger than} 21. Nxe6 Bf6 $11) 21... Bf6 {[%emt 0:00:25]} 22. f5 {[%emt 0:03:16]} e5 {[%emt 0:05:44]} 23. dxe5 {[%emt 0:01:24]} Bxe5 {[%emt 0:03:13]} 24. Nxe5 {[%emt 0:00:34]} Rxe5 {[%emt 0:00:09]} 25. Bf4 {[%emt 0:00:26]} Qc5+ {[%emt 0:06:26]} 26. Kh1 {[%emt 0:00:11]} Rxe1+ {[%emt 0:00:40]} 27. Rxe1 {[%emt 0:00:05]} Kf8 {[%emt 0:00:33]} 28. Qg6 {[%emt 0:00:12]} Nf7 {[%emt 0:01:05]} 29. Qe6 {[%emt 0:05:23]} Qc6 {[%emt 0:00:55]} 30. Qe7+ {[%emt 0:04:00]} Kg8 {[%emt 0:00:05]} 31. Qe8+ {[%emt 0:14:54]} Qxe8 {[%emt 0:00:07]} 32. Rxe8+ {[%emt 0:00:03]} Kh7 {[%emt 0:00:16]} 33. Re7 {[%emt 0:00:30]} Nh6 $18 {[%emt 0:00:27]} 34. f6 {[%emt 0:00:33]} Nf5 {[%emt 0:00:15]} 35. Rxb7 {[%emt 0:01:15]} Rc8 {[%emt 0:00:07]} 36. g4 {[%emt 0:00:41]} Rc4 {[%emt 0:03:32]} 37. Bb8 {[%emt 0:04:53]} Ne3 {[%emt 0:01:02]} 38. f7 {[%emt 0:01:21]} Rxc3 {[%emt 0:00:29]} 39. Rc7 {[%emt 0:00:49]} Rd3 {[%emt 0:10:00]} 40. Rc1 {[%emt 0:00:00]} 1-0

[Event "4th Batumi Cup 2018"]
[Site "Batumi"]
[Date "2018.07.06"]
[Round "5"]
[White "Stepanyan, Eva"]
[Black "Tereladze, Sopiko"]
[Result "1/2-1/2"]
[WhiteElo "2096"]
[BlackElo "2169"]
[Annotator "NA"]
[PlyCount "54"]
[EventDate "2018.07.03"]
[EventType "swiss"]
[EventCountry "GEO"]
[SourceTitle "playchess.com"]
[Source "ChessBase"]
[SourceQuality "1"]
[TimeControl "40/5400+30:1800+30"]

1. e4 {[%emt 0:00:00]} e5 {[%emt 0:06:30]} 2. Nf3 {[%emt 0:00:00]} Nc6 {[%emt 0:02:31]} 3. Bb5 {[%emt 0:00:00]} a6 {[%emt 0:00:27]} 4. Ba4 {[%emt 0:00:00]} Nf6 {[%emt 0:00:10]} 5. d3 {[%emt 0:00:08]} b5 {[%emt 0:00:16]} 6. Bb3 {[%emt 0:00:07]} Be7 {[%emt 0:00:10]} 7. O-O {[%emt 0:00:25]} O-O {[%emt 0:00:15]} 8. Nc3 {[%emt 0:00:34]} d6 {[%emt 0:02:56]} 9. a3 {[%emt 0:00:13]} Na5 {[%emt 0:08:40] LiveBook: 131 Games C77: Ruy Lopez: 3...a6 4 Ba4 Nf6, unusual lines} 10. Ba2 {[%emt 0:01:38]} Be6 {[%emt 0:08:52]} 11. Bg5 {[%emt 0:11:48]} (11. b4 Bxa2 12. Rxa2 Nc6 13. Bg5 Ng4 14. Bd2 Nf6 15. Bg5 Ng4 16. Bd2 Nf6 17. Bg5 {½-½ (17) Vachier Lagrave,M (2789)-Carlsen,M (2843) Stavanger 2018}) 11... Bxa2 {[%emt 0:01:57]} 12. Rxa2 {[%emt 0:00:15]} h6 $146 {[%emt 0:02:03]} ({Predecessor:} 12... Nc6 13. a4 b4 14. Bxf6 Bxf6 15. Nd5 g6 16. c3 bxc3 17. bxc3 {½-½ (26) Predke,A (2533)-Motylev,A (2648) Sochi 2015}) 13. Bd2 {[%emt 0:00:59]} ({Besser ist} 13. Bxf6 $14 Bxf6 14. a4) 13... c5 {[%emt 0:00:43]} 14. Ra1 {[%emt 0:02:13]} Nc6 {[%emt 0:00:16]} 15. Re1 {[%emt 0:01:32]} Re8 {[%emt 0:01:16]} 16. Nd5 {[%emt 0:03:25]} Bf8 {[%emt 0:03:02]} 17. b4 {[%emt 0:04:31]} Nd4 {[%emt 0:20:20]} 18. bxc5 {[%emt 0:02:51]} Nxf3+ {[%emt 0:02:58]} 19. Qxf3 {[%emt 0:00:11]} Nxd5 {[%emt 0:00:13]} 20. exd5 {[%emt 0:00:12]} dxc5 {[%emt 0:00:10]} 21. c4 {[%emt 0:00:29]} b4 {[%emt 0:02:37]} 22. Qg3 {[%emt 0:02:50]} Qf6 {[%emt 0:02:24]} 23. Re4 {[%emt 0:03:57]} Bd6 {[%emt 0:02:30]} 24. a4 {[%emt 0:03:50]} Kh7 {[%emt 0:03:25]} 25. Bc1 {[%emt 0:01:41]} Qf5 {[%emt 0:14:08]} 26. Bb2 $15 {[%emt 0:01:04]} f6 {[%emt 0:00:31]} 27. Qh4 {[%emt 0:06:16]} Qg5 {[%emt 0:01:34]} 1/2-1/2

[Event "4th Batumi Cup 2018"]
[Site "Batumi"]
[Date "2018.07.06"]
[Round "5"]
[White "Al Hosani, Omran"]
[Black "Lomsadze, Davit"]
[Result "0-1"]
[WhiteElo "2089"]
[BlackElo "2348"]
[Annotator "NA"]
[PlyCount "54"]
[EventDate "2018.07.03"]
[EventType "swiss"]
[EventCountry "GEO"]
[SourceTitle "playchess.com"]
[Source "ChessBase"]
[SourceQuality "1"]
[TimeControl "40/5400+30:1800+30"]

1. d4 {[%emt 0:00:00]} Nf6 {[%emt 0:00:00]} 2. Nf3 {[%emt 0:00:00]} g6 {[%emt 0:00:00]} 3. Bf4 {[%emt 0:00:01]} Bg7 {[%emt 0:00:00]} 4. e3 {[%emt 0:00:11]} O-O {[%emt 0:00:00]} 5. Be2 {[%emt 0:00:05]} d6 {[%emt 0:00:00]} 6. h3 {[%emt 0:00:40]} c5 {[%emt 0:02:03]} 7. c3 {[%emt 0:01:43]} b6 {[%emt 0:01:08]} 8. O-O {[%emt 0:00:10]} Bb7 {[%emt 0:00:03]} 9. Nbd2 {[%emt 0:05:08]} Nbd7 {[%emt 0:00:35]} 10. Qc2 {[%emt 0:02:58]} Rc8 {[%emt 0:02:27] LiveBook: 5 Games A48: 1 d4 Nf6 2 Nf3 g6: Torre, London and Colle Systems} 11. a4 {[%emt 0:00:15]} a6 {[%emt 0:00:41]} 12. Qd3 {[%emt 0:01:12]} (12. Rfd1 Rc7 13. e4 cxd4 14. Nxd4 e5 15. Bg3 exd4 16. Bxd6 dxc3 17. bxc3 Re8 18. Bxc7 Qxc7 19. f3 Nh5 20. Bc4 Nf4 21. Qb3 Ne5 22. Bd5 Qc5+ 23. Kh1 Bxd5 24. exd5 Qf2 {0-1 (24) Rombaldoni,D (2481)-Dvirnyy,D (2537) Chianciano Terme 2018}) 12... Re8 {[%emt 0:07:49]} 13. e4 $146 {[%emt 0:06:43]} ({Predecessor:} 13. Nc4 Be4 14. Qd1 cxd4 15. exd4 Bxf3 16. gxf3 Nh5 17. Bxd6 exd6 18. Nxd6 Qg5+ 19. Kh1 Nf4 20. Rg1 Qh4 21. Qf1 Nxh3 22. Rg4 Nxf2+ 23. Kg1 Nxg4 24. fxg4 Qg3+ {0-1 (24) Lee,Z (1373)-Noor Akbar,D (1583) Penang 2013}) 13... cxd4 {[%emt 0:09:53]} 14. cxd4 {[%emt 0:00:08]} Qc7 {[%emt 0:01:23]} 15. Qb1 {[%emt 0:16:56]} Qb8 {[%emt 0:04:36]} 16. Re1 {[%emt 0:02:51]} e5 {[%emt 0:03:54]} 17. dxe5 {[%emt 0:00:23]} dxe5 {[%emt 0:00:12]} 18. Bh2 {[%emt 0:02:49]} Qd6 {[%emt 0:05:23]} 19. b4 {[%emt 0:01:51]} Bf8 {[%emt 0:03:15]} 20. b5 {[%emt 0:00:23]} a5 {[%emt 0:00:28]} 21. Nc4 {[%emt 0:03:01]} Qc5 {[%emt 0:03:48]} 22. Bd3 {[%emt 0:04:36]} Nh5 {[%emt 0:03:29]} 23. Rc1 {[%emt 0:02:23]} Nf4 {[%emt 0:05:38]} 24. Bf1 $14 {[%emt 0:21:53]} Qb4 {[%emt 0:04:39]} 25. Qxb4 {[%emt 0:01:54]} axb4 {[%emt 0:00:52]} 26. Nfxe5 {[%emt 0:02:21]} Nxe5 {[%emt 0:00:49]} 27. Bxf4 {[%emt 0:00:20]} Nxc4 {[%emt 0:00:27]} 0-1

[Event "4th Batumi Cup 2018"]
[Site "Batumi"]
[Date "2018.07.07"]
[Round "6"]
[White "Jumabayev, Rinat"]
[Black "Pourramezanali, Amirreza"]
[Result "1-0"]
[WhiteElo "2594"]
[BlackElo "2537"]
[Annotator "ChessBase"]
[PlyCount "51"]
[EventDate "2018.07.03"]
[EventType "swiss"]
[EventCountry "GEO"]
[SourceTitle "playchess.com"]
[Source "ChessBase"]
[SourceQuality "1"]
[TimeControl "40/5400+30:1800+30"]

1. d4 {[%emt 0:00:00]} d5 {[%emt 0:00:35]} 2. c4 {[%emt 0:00:00]} c6 {[%emt 0:00:07]} 3. Nf3 {[%emt 0:00:00]} Nf6 {[%emt 0:00:13]} 4. Nc3 {[%emt 0:00:00]} e6 {[%emt 0:00:21]} 5. e3 {[%emt 0:00:00]} Nbd7 {[%emt 0:00:05]} 6. Be2 {[%emt 0:00:00]} Bd6 {[%emt 0:00:55]} 7. O-O {[%emt 0:00:00]} O-O {[%emt 0:05:21]} 8. b3 {[%emt 0:00:04]} b6 {[%emt 0:01:12]} 9. Bb2 {[%emt 0:00:04]} Bb7 {[%emt 0:00:04]} 10. Qc2 {[%emt 0:00:16]} Qe7 {[%emt 0:00:25]} 11. Rfe1 {[%emt 0:00:05]} Rad8 {[%emt 0:04:45]} 12. e4 {[%emt 0:05:15]} Nxe4 {[%emt 0:00:15]} 13. Nxe4 {[%emt 0:00:05]} dxe4 {[%emt 0:00:05]} 14. Qxe4 {[%emt 0:00:03]} Bb4 {[%emt 0:01:52]} 15. Bd3 {[%emt 0:00:54]} Nf6 {[%emt 0:04:38]} 16. Qh4 {[%emt 0:00:13]} Bxe1 {[%emt 0:00:36]} 17. Bxh7+ {[%emt 0:00:45]} Kh8 {[%emt 0:00:23]} 18. Bc2+ {[%emt 0:11:57]} Kg8 {[%emt 0:00:06]} 19. Bh7+ {[%emt 0:12:20]} Kh8 {[%emt 0:00:21]} 20. Bc2+ {[%emt 0:08:35]} Kg8 {[%emt 0:00:02]} 21. Rxe1 {[%emt 0:00:24]} Rfe8 {[%emt 0:07:50]} 22. Re3 {[%emt 0:07:01]} g6 {[%emt 0:20:04]} 23. d5 {[%emt 0:05:52]} Kg7 {[%emt 0:08:35]} 24. dxe6 {[%emt 0:07:46]} Rh8 {[%emt 0:05:03]} 25. Qf4 {[%emt 0:01:04]} Rh5 {[%emt 0:00:54]} 26. g4 {[%emt 0:01:20]} 1-0

[Event "4th Batumi Cup 2018"]
[Site "Batumi"]
[Date "2018.07.07"]
[Round "6"]
[White "Pantsulaia, Levan"]
[Black "Sindarov, Javokhir"]
[Result "1-0"]
[WhiteElo "2575"]
[BlackElo "2474"]
[Annotator "ChessBase"]
[PlyCount "47"]
[EventDate "2018.07.03"]
[EventType "swiss"]
[EventCountry "GEO"]
[SourceTitle "playchess.com"]
[Source "ChessBase"]
[SourceQuality "1"]
[TimeControl "40/5400+30:1800+30"]

1. Nf3 {[%emt 0:00:00]} g6 {[%emt 0:00:00]} 2. d4 {[%emt 0:00:00]} d6 {[%emt 0:00:08]} 3. g3 {[%emt 0:00:13]} Bg7 {[%emt 0:00:12]} 4. Bg2 {[%emt 0:00:08]} Nf6 {[%emt 0:00:04]} 5. c4 {[%emt 0:00:18]} O-O {[%emt 0:00:12]} 6. Nc3 {[%emt 0:00:06]} Nc6 {[%emt 0:00:14]} 7. O-O {[%emt 0:05:25]} Bg4 {[%emt 0:00:03]} 8. d5 {[%emt 0:02:31]} Na5 {[%emt 0:00:11]} 9. Qd3 {[%emt 0:02:05]} c5 {[%emt 0:00:51]} 10. Nd2 {[%emt 0:04:59]} a6 {[%emt 0:08:55]} 11. Rb1 {[%emt 0:06:18]} Rb8 {[%emt 0:09:05]} 12. b3 {[%emt 0:11:11]} Bd7 {[%emt 0:03:26]} 13. Bb2 {[%emt 0:02:35]} b5 {[%emt 0:00:24]} 14. h3 {[%emt 0:00:07]} Qc8 {[%emt 0:07:24]} 15. g4 {[%emt 0:02:39]} Qd8 {[%emt 0:05:46]} 16. Ba1 {[%emt 0:04:29]} e6 {[%emt 0:06:51]} 17. dxe6 {[%emt 0:01:56]} Bxe6 {[%emt 0:00:18]} 18. cxb5 {[%emt 0:00:59]} axb5 {[%emt 0:00:28]} 19. Nxb5 {[%emt 0:01:23]} d5 {[%emt 0:00:03]} 20. a4 {[%emt 0:04:47]} Nc6 {[%emt 0:09:38]} 21. Qc3 {[%emt 0:05:46]} Rc8 {[%emt 0:12:16]} 22. Qxc5 {[%emt 0:00:22]} Ne4 {[%emt 0:01:09]} 23. Nxe4 {[%emt 0:01:27]} Nd4 {[%emt 0:00:05]} 24. Nxd4 {[%emt 0:01:20]} 1-0

[Event "4th Batumi Cup 2018"]
[Site "Batumi"]
[Date "2018.07.07"]
[Round "6"]
[White "Mosadeghpour, Masoud"]
[Black "Garayev, Kanan"]
[Result "1-0"]
[WhiteElo "2531"]
[BlackElo "2300"]
[Annotator "RC"]
[PlyCount "67"]
[EventDate "2018.07.03"]
[EventType "swiss"]
[EventCountry "GEO"]
[SourceTitle "playchess.com"]
[Source "ChessBase"]
[SourceQuality "1"]
[TimeControl "40/5400+30:1800+30"]

1. e4 {[%emt 0:07:56]} e5 {[%emt 0:00:00]} 2. Nf3 {[%emt 0:00:15]} Nc6 {[%emt 0:00:00]} 3. Bb5 {[%emt 0:00:21]} Nf6 {[%emt 0:00:00]} 4. d3 {[%emt 0:00:34]} d6 {[%emt 0:00:03]} 5. c4 {[%emt 0:02:14]} g6 {[%emt 0:04:16]} 6. O-O {[%emt 0:00:57]} Bg7 {[%emt 0:00:16]} 7. Nc3 {[%emt 0:06:58]} O-O {[%emt 0:00:59]} 8. Bxc6 {[%emt 0:05:01]} bxc6 {[%emt 0:00:10]} 9. d4 {[%emt 1:10:14]} Bg4 {[%emt 0:20:41]} 10. dxe5 {[%emt 0:00:00]} Bxf3 {[%emt 0:09:00]} 11. Qxf3 {[%emt 0:00:00]} dxe5 {[%emt 0:00:07]} 12. Be3 {[%emt 0:00:00]} Qe7 {[%emt 0:02:46]} 13. Rfd1 {[%emt 0:00:00]} Nd7 {[%emt 0:05:09]} 14. Rd2 {[%emt 0:00:00]} Rfe8 {[%emt 0:09:57]} 15. Rad1 {[%emt 0:00:00]} Nf8 {[%emt 0:00:43]} 16. Na4 {[%emt 0:00:00]} Qb4 {[%emt 0:07:29]} 17. b3 {[%emt 0:00:00]} Ne6 {[%emt 0:02:37]} 18. Rd7 {[%emt 0:00:00]} Rf8 {[%emt 0:00:45]} 19. h4 {[%emt 0:00:00]} Qb8 {[%emt 0:06:05]} 20. Nc5 {[%emt 0:00:00]} Nd4 {[%emt 0:01:12]} 21. Bxd4 {[%emt 0:00:00]} exd4 {[%emt 0:00:06]} 22. Qf4 {[%emt 0:00:00]} Qb4 {[%emt 0:01:34]} 23. Nd3 {[%emt 0:00:00]} Qa5 {[%emt 0:00:17]} 24. Qd2 {[%emt 0:00:00]} Qh5 {[%emt 0:02:02]} 25. g3 {[%emt 0:00:00]} Qg4 {[%emt 0:01:55]} 26. Rxc7 {[%emt 0:00:00]} Qxe4 {[%emt 0:00:41]} 27. Re1 {[%emt 0:00:00]} Qf3 {[%emt 0:00:15]} 28. Qe2 {[%emt 0:00:00]} Qf6 {[%emt 0:01:19]} 29. Qg4 {[%emt 0:00:00]} a5 {[%emt 0:04:40]} 30. Kg2 {[%emt 0:03:04]} Qd6 {[%emt 0:04:03]} 31. Qd7 {[%emt 0:01:21]} Qa3 {[%emt 0:01:13]} 32. Re7 {[%emt 0:01:40]} Rad8 {[%emt 0:03:40]} 33. Qe6 {[%emt 0:00:12]} Rd6 {[%emt 0:01:21]} 34. Rxf7 {[%emt 0:00:24]} 1-0

[Event "4th Batumi Cup 2018"]
[Site "Batumi"]
[Date "2018.07.07"]
[Round "6"]
[White "Sanikidze, Tornike"]
[Black "Duzhakov, Ilya"]
[Result "1-0"]
[WhiteElo "2512"]
[BlackElo "2448"]
[Annotator "TA"]
[PlyCount "44"]
[EventDate "2018.07.03"]
[EventType "swiss"]
[EventCountry "GEO"]
[SourceTitle "playchess.com"]
[Source "ChessBase"]
[SourceQuality "1"]

{[%evp 25,44,53,56,49,50,39,56,33,48,59,49,54,250,250,249,247,301,145,1160,1179,1412]} 1. d4 Nf6 2. c4 g6 3. f3 d5 4. cxd5 Nxd5 5. e4 Nb6 6. Nc3 Bg7 7. Be3 O-O 8. Qd2 e5 9. d5 c6 {D70: Grünfeldindisch (Abweichung im 3. Zug)} 10. h4 (10. Rd1 cxd5 11. exd5 N8d7 12. Nh3 e4 13. fxe4 Ne5 14. Nf2 f5 15. Bc5 Rf7 16. Be2 f4 17. Bf3 {½-½ (25) Aronian,L (2805)-Vachier Lagrave,M (2789) London 2017}) 10... cxd5 11. exd5 N8d7 12. h5 Nf6 13. hxg6 fxg6 {[%cal Rf6d5] LiveBook: 44 Partien} 14. O-O-O $1 {[%cal Be1c1,Bc1b1,Bb1a1][%mdl 32]} Bd7 15. Kb1 Rc8 16. d6 e4 17. Nh3 ({Viel schwächer wäre} 17. Nxe4 Nxe4 18. fxe4 Ba4 $15) 17... exf3 18. gxf3 {[#]} Nfd5 $146 ({Lieber} 18... Rxc3 $14 19. Bxb6 (19. bxc3 Nfd5 $14) 19... Qxb6 20. Qxc3 Nd5) 19. Nxd5 $18 Bf5+ 20. Ka1 {Und weiter mit Se7+ wäre nett.} Rc2 {[#]} 21. Ne7+ (21. Qxc2 $1 $18 Bxc2 22. Ne7+ Kh8 {[#]} 23. Ng5 $1 {[%mdl 512]}) 21... Kh8 $2 {[%mdl 8192] [#]} (21... Qxe7 $16 22. Qxc2 Qxe3 23. Bc4+ Nxc4 24. Qxc4+ Be6) 22. Qd4 $1 {[%mdl 512]} Nd7 {Precision: Weiß = 67%, Schwarz = 41%.} (22... Bxd4 23. Bxd4+) 1-0

[Event "4th Batumi Cup 2018"]
[Site "Batumi"]
[Date "2018.07.07"]
[Round "6"]
[White "Quparadze, Giga"]
[Black "Smirnov, Pavel"]
[Result "1/2-1/2"]
[WhiteElo "2503"]
[BlackElo "2576"]
[Annotator "ChessBase"]
[PlyCount "56"]
[EventDate "2018.07.03"]
[EventType "swiss"]
[EventCountry "GEO"]
[SourceTitle "playchess.com"]
[Source "ChessBase"]
[SourceQuality "1"]
[TimeControl "40/5400+30:1800+30"]

1. e4 {[%emt 0:00:00]} c5 {[%emt 0:00:00]} 2. Nf3 {[%emt 0:00:00]} e6 {[%emt 0:00:00]} 3. g3 {[%emt 0:00:00]} Nc6 {[%emt 0:01:27]} 4. Bg2 {[%emt 0:00:07]} Nf6 {[%emt 0:00:10]} 5. Qe2 {[%emt 0:00:09]} e5 {[%emt 0:01:09]} 6. O-O {[%emt 0:00:09]} Be7 {[%emt 0:00:04]} 7. c3 {[%emt 0:00:37]} O-O {[%emt 0:02:42]} 8. d4 {[%emt 0:04:49]} cxd4 {[%emt 0:05:24]} 9. cxd4 {[%emt 0:00:50]} d5 {[%emt 0:03:53]} 10. exd5 {[%emt 0:01:08]} Nxd4 {[%emt 0:04:47]} 11. Nxd4 {[%emt 0:00:07]} exd4 {[%emt 0:00:05]} 12. Nd2 {[%emt 0:02:07]} Bg4 {[%emt 0:10:23]} 13. Qc4 {[%emt 0:01:18]} Rc8 {[%emt 0:09:34]} 14. Qxd4 {[%emt 0:00:07]} Be2 {[%emt 0:07:09]} 15. Re1 {[%emt 0:00:45]} Bc5 {[%emt 0:01:17]} 16. Qf4 {[%emt 0:00:07]} Re8 {[%emt 0:06:56]} 17. Nb3 {[%emt 0:07:50]} Nxd5 {[%emt 0:12:09]} 18. Qf5 {[%emt 0:00:40]} Bg4 {[%emt 0:18:23]} 19. Rxe8+ {[%emt 0:00:06]} Qxe8 {[%emt 0:00:03]} 20. Qe4 {[%emt 0:00:04]} Nf6 {[%emt 0:04:21]} 21. Qxe8+ {[%emt 0:00:17]} Rxe8 {[%emt 0:00:02]} 22. h3 {[%emt 0:02:23]} Re1+ {[%emt 0:00:53]} 23. Kh2 {[%emt 0:00:07]} Bb6 {[%emt 0:01:08]} 24. hxg4 {[%emt 0:04:31]} Nxg4+ {[%emt 0:00:03]} 25. Kh3 {[%emt 0:00:04]} Nxf2+ {[%emt 0:00:04]} 26. Kh2 {[%emt 0:00:03]} Ng4+ {[%emt 0:00:04]} 27. Kh3 {[%emt 0:00:03]} Nf2+ {[%emt 0:00:07]} 28. Kh2 {[%emt 0:00:04]} Ng4+ {[%emt 0:01:20]} 1/2-1/2

[Event "4th Batumi Cup 2018"]
[Site "Batumi"]
[Date "2018.07.07"]
[Round "6"]
[White "Tutisani, Noe"]
[Black "Maghalashvili, Davit"]
[Result "1/2-1/2"]
[WhiteElo "2469"]
[BlackElo "2508"]
[Annotator "ChessBase"]
[PlyCount "50"]
[EventDate "2018.07.03"]
[EventType "swiss"]
[EventCountry "GEO"]
[SourceTitle "playchess.com"]
[Source "ChessBase"]
[SourceQuality "1"]
[TimeControl "40/5400+30:1800+30"]

1. e4 {[%emt 0:00:00]} c5 {[%emt 0:00:00]} 2. Nf3 {[%emt 0:00:00]} d6 {[%emt 0:00:00]} 3. d4 {[%emt 0:00:00]} cxd4 {[%emt 0:00:00]} 4. Nxd4 {[%emt 0:00:00]} Nf6 {[%emt 0:00:04]} 5. Nc3 {[%emt 0:00:00]} a6 {[%emt 0:00:43]} 6. Bc4 {[%emt 0:02:07]} e6 {[%emt 0:02:17]} 7. Be3 {[%emt 0:00:07]} Nc6 {[%emt 0:00:28]} 8. Qe2 {[%emt 0:00:30]} Qc7 {[%emt 0:00:44]} 9. Bb3 {[%emt 0:00:08]} Be7 {[%emt 0:00:19]} 10. O-O-O {[%emt 0:00:09]} Na5 {[%emt 0:00:20]} 11. g4 {[%emt 0:00:41]} b5 {[%emt 0:00:46]} 12. g5 {[%emt 0:00:08]} Nxb3+ {[%emt 0:00:11]} 13. axb3 {[%emt 0:00:06]} Nd7 {[%emt 0:00:07]} 14. Nf5 {[%emt 0:02:14]} exf5 {[%emt 0:00:13]} 15. Nd5 {[%emt 0:00:04]} Qd8 {[%emt 0:00:09]} 16. exf5 {[%emt 0:00:06]} Bb7 {[%emt 0:00:30]} 17. f6 {[%emt 0:02:00]} Bxd5 {[%emt 0:01:16]} 18. Rxd5 {[%emt 0:00:49]} gxf6 {[%emt 0:00:11]} 19. Re1 {[%emt 0:00:18]} Rg8 {[%emt 0:04:35]} 20. gxf6 {[%emt 0:04:20]} Nxf6 {[%emt 0:02:09]} 21. Rf5 {[%emt 0:00:51]} Ng4 {[%emt 0:03:38]} 22. Bg5 {[%emt 0:00:23]} Ne5 {[%emt 0:00:36]} 23. Bxe7 {[%emt 0:00:07]} Qxe7 {[%emt 0:00:06]} 24. f4 {[%emt 0:00:04]} Nd3+ {[%emt 0:00:36]} 25. cxd3 {[%emt 0:00:14]} Qxe2 {[%emt 0:00:09]} 1/2-1/2